| 000 | 00569nam a22002057a 4500 | ||
|---|---|---|---|
| 003 | OSt | ||
| 005 | 20250922145847.0 | ||
| 008 | 160323b xxu||||| |||| 00| 0 eng d | ||
| 020 | _a0070241627 | ||
| 040 | _c040a | ||
| 082 | _a310 EUG 1996 | ||
| 100 |
_aGrant, Eugene L.; Leavenworth, Richard S. _97414 |
||
| 245 | _aStatistical Quality Control | ||
| 250 | _a7th.ed | ||
| 260 |
_aBoston _bMcGraw-Hill _c1996 |
||
| 300 |
_axix, 764p; _bill : _c13 cm |
||
| 504 | _aIncludes bibliographical references, & index | ||
| 650 |
_aQuality control _92942 |
||
| 942 |
_2ddc _cSLOAN |
||
| 999 |
_c3307 _d3307 |
||